[Event "Ashdod op"]
[Site "Ashdod"]
[Date "2004.12.09"]
[Round "1"]
[White "Roiz, Michael"]
[Black "Yosilevich, Danial"]
[Result "1-0"]
[WhiteElo "2560"]
[BlackElo "2207"]
[PlyCount "87"]
[EventDate "2004.12.09"]
[EventType "swiss"]
[EventRounds "9"]
[EventCountry "ISR"]
[SourceTitle "CBM 103 Extra"]
[Source "ChessBase"]
[SourceDate "2005.01.01"]
[SourceVersion "1"]
[SourceVersionDate "2005.01.01"]
[SourceQuality "1"]

1. d4 d6 2. Nf3 f5 3. g3 Nf6 4. Bg2 g6 5. 0-0 Bg7 6. c4 0-0 7. Nc3 Qe8 8. Nd5 Nxd5 9. cxd5 h6 10. Bd2 e6 11. dxe6 Bxe6 12. Qc1 Nc6 13. Bxh6 Bd5 14. Re1 Rc8 15. Bxg7 Kxg7 16. Qc3 Rh8 17. e4 fxe4 18. Ng5 Qe7 19. h4 Qf6 20. Bxe4 Ne7 21. Re3 c5 22. dxc5 Qxc3 23. Rxc3 dxc5 24. Rd1 Bxe4 25. Nxe4 Rhd8 26. Rxd8 Rxd8 27. Rxc5 Rd7 28. Nc3 b6 29. Rc4 Kf6 30. a4 Kf5 31. Kf1 Rd2 32. Rf4+ Ke6 33. Re4+ Kf7 34. Re2 Rd4 35. Ke1 Nc6 36. Re4 Rd8 37. Rc4 Ne5 38. Rc7+ Ke6 39. Ke2 Nd3 40. Rxa7 Nxb2 41. Rc7 Ra8 42. Rc6+ Kf5 43. f4 Nxa4 44. Kf3 1-0

[Event "Internet Section 06A g/8'+2\""]
[Site "Dos Hermanas"]
[Date "2004.03.06"]
[Round "3"]
[White "Gorgorinis, Panayotis"]
[Black "Yosilevich, Danial"]
[Result "1-0"]
[WhiteElo "2015"]
[BlackElo "2191"]
[PlyCount "115"]
[EventDate "2004.03.06"]
[EventType "swiss (blitz)"]
[EventRounds "9"]
[EventCountry "ESP"]
[SourceTitle "CBM 099 Extra"]
[Source "ChessBase"]
[SourceDate "2004.05.04"]
[SourceVersion "1"]
[SourceVersionDate "2004.05.04"]
[SourceQuality "1"]

1. e4 d6 2. d4 Nf6 3. Nc3 g6 4. Nf3 Bg7 5. Be2 0-0 6. 0-0 Bg4 7. Be3 Nc6 8. Qd2 e5 9. dxe5 dxe5 10. Rad1 Qc8 11. Qc1 Rd8 12. Rxd8+ Nxd8 13. h3 Bxf3 14. Bxf3 c6 15. Nb1 Ne6 16. c3 Qc7 17. Rd1 Bf8 18. Nd2 Bc5 19. Nb3 Bxe3 20. Qxe3 b6 21. g3 Kg7 22. h4 h5 23. a4 Rd8 24. Rd2 c5 25. Rxd8 Qxd8 26. Qd2 Qc7 27. Na1 Qc6 28. Nc2 Qxa4 29. b4 Qd7 30. Qe2 a5 31. bxa5 bxa5 32. Ne3 Nc7 33. Qa2 Qb5 34. Nc4 a4 35. Nxe5 Qb3 36. Qxb3 axb3 37. Nc4 Nb5 38. e5 Ne8 39. Bd1 Nxc3 40. Bxb3 Nc7 41. Kf1 N7b5 42. Nd6 Nd4 43. Bxf7 Nc6 44. e6 Ne7 45. Ke1 Ncd5 46. Kd2 Nc7 47. Ne8+ Nxe8 48. Bxe8 Kf6 49. Bf7 Ke5 50. Kc3 Kd5 51. f3 c4 52. g4 hxg4 53. fxg4 Kc5 54. h5 gxh5 55. gxh5 Nf5 56. Bg6 Ne7 57. Be4 Kd6 58. h6 1-0

[Event "Internet Section 06A g/8'+2\""]
[Site "Dos Hermanas"]
[Date "2004.03.06"]
[Round "2"]
[White "Yosilevich, Danial"]
[Black "Jakovenko, Dmitrij"]
[Result "0-1"]
[WhiteElo "2220"]
[BlackElo "2564"]
[PlyCount "82"]
[EventDate "2004.03.06"]
[EventType "swiss (blitz)"]
[EventRounds "9"]
[EventCountry "ESP"]
[SourceTitle "CBM 099 Extra"]
[Source "ChessBase"]
[SourceDate "2004.05.04"]
[SourceVersion "1"]
[SourceVersionDate "2004.05.04"]
[SourceQuality "1"]

1. c4 c6 2. g3 d5 3. Bg2 Nf6 4. Nf3 dxc4 5. Qc2 Qd5 6. Nc3 Qf5 7. e4 Qh5 8. Ne2 Bh3 9. Nf4 Bxg2 10. Nxh5 Nxh5 11. Rg1 Bxf3 12. Qxc4 Nd7 13. d3 Rd8 14. Bf4 g5 15. Bc7 Rc8 16. Ba5 Bg7 17. Bc3 Ne5 18. Bxe5 Bxe5 19. d4 Bc7 20. Qd3 g4 21. Kd2 0-0 22. h3 Rfd8 23. hxg4 Bxg4 24. f3 Be6 25. Ke2 Bb6 26. Rad1 Rxd4 27. Qxd4 Bxd4 28. Rxd4 c5 29. Ra4 a6 30. Ke3 Nf6 31. g4 Nd7 32. Kf4 Nb6 33. Ra3 Nc4 34. Rb3 b5 35. Rd1 f6 36. g5 Rf8 37. Rg1 fxg5+ 38. Kxg5 Ne5 39. Kh6+ Kh8 40. Rc3 Rf6+ 41. Kh5 Bf7+ 0-1

[Event "Internet Section 06A g/8'+2\""]
[Site "Dos Hermanas"]
[Date "2004.03.06"]
[Round "6"]
[White "Yosilevich, Danial"]
[Black "Seidov, Zakir"]
[Result "1/2-1/2"]
[WhiteElo "2191"]
[BlackElo "2047"]
[PlyCount "136"]
[EventDate "2004.03.06"]
[EventType "swiss (blitz)"]
[EventRounds "9"]
[EventCountry "ESP"]
[SourceTitle "CBM 099 Extra"]
[Source "ChessBase"]
[SourceDate "2004.05.04"]
[SourceVersion "1"]
[SourceVersionDate "2004.05.04"]
[SourceQuality "1"]

1. c4 g6 2. g3 Bg7 3. Bg2 h5 4. h4 Nf6 5. Nc3 c6 6. e4 d6 7. d3 e5 8. Bg5 Qa5 9. Qd2 Be6 10. Nge2 Nbd7 11. 0-0 0-0 12. Rab1 Qc7 13. b3 a6 14. d4 exd4 15. Nxd4 Ne8 16. Nxe6 fxe6 17. Bh3 Ne5 18. Bxe6+ Kh7 19. Kg2 Nf3 20. Qe3 Nxg5 21. hxg5 Qe7 22. Bh3 Bxc3 23. Qxc3 Qxe4+ 24. Kh2 Ng7 25. Rbe1 Qf3 26. Qxf3 Rxf3 27. Re7 Raf8 28. Kg2 R3f7 29. Rxf7 Rxf7 30. f4 Nf5 31. Bxf5 Rxf5 32. Re1 Kg7 33. Re7+ Rf7 34. Re8 Rd7 35. Kf3 d5 36. cxd5 cxd5 37. Ke3 b5 38. Kd4 Kf7 39. Ra8 Ke6 40. Rxa6+ Kf5 41. Ra3 b4 42. Ra4 Kg4 43. Rxb4 Kxg3 44. Ke5 d4 45. Rxd4 Rxd4 46. Kxd4 Kxf4 47. b4 h4 48. b5 h3 49. b6 h2 50. b7 h1Q 51. b8Q+ Kxg5 52. Qe5+ Kg4 53. Qe4+ Qxe4+ 54. Kxe4 g5 55. a4 Kh3 56. a5 g4 57. a6 g3 58. a7 g2 59. a8Q g1Q 60. Qh8+ Kg3 61. Qe5+ Kf2 62. Qd4+ Kg2 63. Qd2+ Kg3 64. Qf4+ Kg2 65. Qf3+ Kh2 66. Qh5+ Kg3 67. Qg5+ Kf2 68. Qxg1+ Kxg1 1/2-1/2